[Event "Santa Eugenia op 9th"]
[Site "Santa Eugenia"]
[Date "2014.05.02"]
[Round "2"]
[White "Fernandez Alsina, David"]
[Black "Castro Granolleras, Albert"]
[Result "1-0"]
[WhiteElo "1839"]
[BlackElo "1700"]
[PlyCount "59"]
[EventDate "2014.04.25"]
[EventType "swiss"]
[EventRounds "9"]
[EventCountry "ESP"]
[SourceTitle "EXT 2015"]
[Source "ChessBase"]
[SourceDate "2014.11.20"]
[SourceVersion "1"]
[SourceVersionDate "2014.11.20"]
[SourceQuality "1"]

1. e4 e5 2. Nf3 Nc6 3. d4 Bb4+ 4. Bd2 Bd6 5. d5 Nce7 6. Nc3 Nf6 7. Bd3 0-0 8. 0-0 Bc5 9. Nxe5 d6 10. Nf3 Bg4 11. h3 Bd7 12. a3 a6 13. b4 Bb6 14. Ne2 Ba4 15. Qc1 Ng6 16. Ng3 c5 17. Bc4 cxb4 18. axb4 Qc7 19. Rxa4 Qb8 20. Qb2 Qa7 21. Bg5 Nd7 22. Nh5 f6 23. Ra2 a5 24. bxa5 Bxa5 25. Rfa1 b6 26. Be3 Rae8 27. Rxa5 bxa5 28. Bxa7 Ra8 29. Qb7 Nc5 30. Qxg7# 1-0